<?xml version="1.0" encoding="UTF-8"?>
<collection xmlns="http://www.loc.gov/MARC21/slim">
 <record>
  <leader>01613nam a22002417a 4500</leader>
  <controlfield tag="001">NCT_69972</controlfield>
  <controlfield tag="008">190914b        xxu||||| |||| 00| 0 vie d</controlfield>
  <datafield tag="999" ind1=" " ind2=" ">
   <subfield code="c">3396</subfield>
   <subfield code="d">3396</subfield>
  </datafield>
  <datafield tag="020" ind1=" " ind2=" ">
   <subfield code="a">9786046989691</subfield>
   <subfield code="c">95000</subfield>
  </datafield>
  <datafield tag="082" ind1="0" ind2="4">
   <subfield code="2">23rd ed.</subfield>
   <subfield code="a">813.5</subfield>
   <subfield code="b">P994</subfield>
  </datafield>
  <datafield tag="100" ind1="1" ind2=" ">
   <subfield code="a">Puzo, Mario</subfield>
  </datafield>
  <datafield tag="245" ind1="1" ind2="0">
   <subfield code="a">Luật im lặng =</subfield>
   <subfield code="b">Omerta</subfield>
   <subfield code="c">Mario Puzo ; Lương Lê Giang (dịch)</subfield>
  </datafield>
  <datafield tag="250" ind1=" " ind2=" ">
   <subfield code="a">Tái bản</subfield>
  </datafield>
  <datafield tag="260" ind1=" " ind2=" ">
   <subfield code="a">H.</subfield>
   <subfield code="b">Văn học</subfield>
   <subfield code="c">2017</subfield>
  </datafield>
  <datafield tag="300" ind1=" " ind2=" ">
   <subfield code="a">370 tr.</subfield>
   <subfield code="c">21cm</subfield>
  </datafield>
  <datafield tag="500" ind1=" " ind2=" ">
   <subfield code="a">Dịch từ nguyên bản tiếng Anh</subfield>
  </datafield>
  <datafield tag="520" ind1="3" ind2=" ">
   <subfield code="a">Tổ chức mafia củng cố uy quyền bằng luật omerta nghĩa là làm thinh, câm nín. Dân quên Sicily kín miệng đến nỗi người lạ hỏi đường cũng làm thinh. Cái luật im lặng cổ xưa ấy chính là bức tường thành của mafia suốt mấy trăm năm. Nhưng đó là ở nơi đất máu Sicily nhiều năm trước. Còn trên đất Mỹ, khi nhân loại sắp bước sang thiên niên kỉ mới, liệu omerta có còn cái quyền năng vô song để bảo vệ các ông trùm?</subfield>
  </datafield>
  <datafield tag="653" ind1=" " ind2=" ">
   <subfield code="a">Sách tham khảo</subfield>
  </datafield>
  <datafield tag="700" ind1="1" ind2=" ">
   <subfield code="a">Lương Lê Giang</subfield>
   <subfield code="e">Dịch</subfield>
  </datafield>
  <datafield tag="942" ind1=" " ind2=" ">
   <subfield code="2">ddc</subfield>
   <subfield code="c">BK</subfield>
  </datafield>
  <datafield tag="952" ind1=" " ind2=" ">
   <subfield code="0">0</subfield>
   <subfield code="1">0</subfield>
   <subfield code="2">ddc</subfield>
   <subfield code="4">0</subfield>
   <subfield code="6">813_500000000000000_P994</subfield>
   <subfield code="7">0</subfield>
   <subfield code="9">17915</subfield>
   <subfield code="a">000001</subfield>
   <subfield code="b">000001</subfield>
   <subfield code="d">2019-09-16</subfield>
   <subfield code="o">813.5 P994</subfield>
   <subfield code="p">TK.00557</subfield>
   <subfield code="r">2019-09-16</subfield>
   <subfield code="v">95000.00</subfield>
   <subfield code="w">2019-09-16</subfield>
   <subfield code="y">BK</subfield>
  </datafield>
  <datafield tag="952" ind1=" " ind2=" ">
   <subfield code="0">0</subfield>
   <subfield code="1">0</subfield>
   <subfield code="2">ddc</subfield>
   <subfield code="4">0</subfield>
   <subfield code="6">813_500000000000000_P994</subfield>
   <subfield code="7">0</subfield>
   <subfield code="9">17916</subfield>
   <subfield code="a">000001</subfield>
   <subfield code="b">000001</subfield>
   <subfield code="d">2019-09-16</subfield>
   <subfield code="o">813.5 P994</subfield>
   <subfield code="p">TK.00558</subfield>
   <subfield code="r">2019-09-16</subfield>
   <subfield code="v">95000.00</subfield>
   <subfield code="w">2019-09-16</subfield>
   <subfield code="y">BK</subfield>
  </datafield>
  <datafield tag="980" ind1=" " ind2=" ">
   <subfield code="a">Thư viện Trường Đại học Nam Cần Thơ</subfield>
  </datafield>
 </record>
</collection>
